000
00419nam a2200133Ia 4500
008
151001s9999||||xx |||||||||||||| ||und||
100
_a
निखिलानंद
245
_a
माताजी
250
_a
1
260
_b
महाराष्ट्र राज्य साहित्य संस्कुती मंडळ मुंबई
260
_c
1972
300
_a
320
365
_b
21
999
_c
967880
_d
967877